00734nam a2200205 i 450000100060000000300090000600500170001500700030003200800410003508000290007610000350010524500750014026000600021530000290027549000620030460000260036671000410039283000620043385200330049511520ES-MaACL20230906150122.0t|960626s1994 sp ||||1| spa d a929 Bosch Gimpera, Pedro1 aReventós, Joan (d1927-2004)10aBosch Gimpera b: un catalán abierto al mundo / c[Joan Reventós]. aMadrid : bFundación Españoles en el Mundo, c1994. a28 p. : bil. ; c28 cm.1 aCuadernos de la Fundación Españoles en el Mundo ; v614aBosch Gimpera, Pedro.2 aFundación Españoles en el Mundo.0 aCuadernos de la Fundación Españoles en el Mundo ; v6 aES-MaACLjL-18934 bR.125134